Loading...
| Mythology | 0 | 5 | 0 | 0 | 50 | 79 | 105.00 | 1 | 5 |
| Science - Other Science | 0 | 4 | 0 | 1 | 40 | 67 | 89.00 | 2 | 4 |
| History - American History | 0 | 4 | 1 | 1 | 35 | 103 | 116.50 | 0 | 4 |
| Religion | 0 | 3 | 0 | 1 | 30 | 67 | 99.33 | 2 | 3 |
| Science - Physics | 0 | 4 | 2 | 1 | 30 | 98 | 111.25 | 1 | 4 |
| History - European History | 0 | 2 | 0 | 1 | 20 | 143 | 143.50 | 0 | 2 |
| Science - Biology | 0 | 2 | 0 | 1 | 20 | 118 | 121.00 | 0 | 2 |
| Social Science | 0 | 2 | 0 | 1 | 20 | 120 | 120.00 | 1 | 2 |
| Other | 0 | 1 | 0 | 0 | 10 | 62 | 62.00 | 0 | 1 |
| Literature - World Literature | 0 | 1 | 0 | 0 | 10 | 138 | 138.00 | 0 | 1 |
| Fine Arts - Painting & Sculpture | 0 | 1 | 0 | 0 | 10 | 112 | 112.00 | 1 | 1 |
| Philosophy | 0 | 1 | 0 | 0 | 10 | 97 | 97.00 | 1 | 1 |
| History - World History | 0 | 1 | 1 | 0 | 5 | 123 | 123.00 | 0 | 1 |
| Science - Chemistry | 0 | 0 | 0 | 0 | 0 | 0.00 | 0 | 0 | |
| History - Other History | 0 | 0 | 2 | 0 | -10 | 0.00 | 0 | 0 |